书目信息 |
| 题名: |
概率论与数理统计
|
|
| 作者: | 贺才兴 编 | |
| 分册: | ||
| 出版信息: | 北京 科学出版社 2000.01 |
|
| 页数: | 403页 | |
| 开本: | 32开 | |
| 丛书名: | ||
| 单 册: | ||
| 中图分类: | O21 | |
| 科图分类: | ||
| 主题词: | 概率论 , 数理统计 | |
| 电子资源: | ||
| ISBN: | 7-03-007886-1 | |
| 000 | 00557nam0 2200205 45 | |
| 001 | 0940087177 | |
| 005 | 20090617110902.50 | |
| 010 | @a7-03-007886-1@d18.00元 | |
| 100 | @a20001004d2000 km y0chiy0120 ea | |
| 101 | 0 | @achi |
| 105 | @a z 000yy@AGai Lu Lun Yu Shu Li Tong Ji | |
| 200 | 1 | @a概率论与数理统计@f贺才兴等编@FHe Cai Xing Deng Bian |
| 210 | @a北京@c科学出版社@d2000.01 | |
| 215 | @a403页@d32开 | |
| 606 | 0 | @a概率论 |
| 606 | 0 | @a数理统计 |
| 690 | @aO21@v3 | |
| 701 | 0 | @a贺才兴@4编 |
| 801 | @aCN@c20090617 | |
| 905 | @b413910-912@dO21@eH309@f3 | |
| 概率论与数理统计/贺才兴等编.-北京:科学出版社,2000.01 |
| 403页;32开 |
| ISBN 7-03-007886-1:18.00元 |
| ● |
| 相关链接 |
|
|
|
正题名:概率论与数理统计
索取号:O21/H309
 
预约/预借
| 序号 | 登录号 | 条形码 | 馆藏地/架位号 | 状态 | 备注 |
| 1 | 468918 | 204689186 | 自科库401/401自科库 46排3列1层/ [索取号:O21/H309] | 在馆 |